<?xml version="1.0" encoding="UTF-8"?>
<marc:record xmlns:marc="http://www.loc.gov/MARC21/slim" type="Bibliographic">
   <marc:leader>00000pam a2200000 c 4500</marc:leader>
   <marc:controlfield tag="001">1070210595</marc:controlfield>
   <marc:controlfield tag="003">DE-101</marc:controlfield>
   <marc:controlfield tag="005">20171202092744.0</marc:controlfield>
   <marc:controlfield tag="007">tu</marc:controlfield>
   <marc:controlfield tag="008">150427s2015    gw ||||| |||| 00||||ger  </marc:controlfield>
   <marc:datafield ind1=" " ind2=" " tag="015">
      <marc:subfield code="a">15,A48</marc:subfield>
      <marc:subfield code="z">15,N19</marc:subfield>
      <marc:subfield code="2">dnb</marc:subfield>
   </marc:datafield>
   <marc:datafield ind1="7" ind2=" " tag="016">
      <marc:subfield code="2">DE-101</marc:subfield>
      <marc:subfield code="a">1070210595</marc:subfield>
   </marc:datafield>
   <marc:datafield ind1=" " ind2=" " tag="020">
      <marc:subfield code="a">9783100024411</marc:subfield>
      <marc:subfield code="c">Pp. : EUR 19.99 (DE), EUR 20.60 (AT)</marc:subfield>
      <marc:subfield code="9">978-3-10-002441-1</marc:subfield>
   </marc:datafield>
   <marc:datafield ind1=" " ind2=" " tag="020">
      <marc:subfield code="a">3100024419</marc:subfield>
      <marc:subfield code="9">3-10-002441-9</marc:subfield>
   </marc:datafield>
   <marc:datafield ind1="3" ind2=" " tag="024">
      <marc:subfield code="a">9783100024411</marc:subfield>
   </marc:datafield>
   <marc:datafield ind1=" " ind2=" " tag="035">
      <marc:subfield code="a">(DE-599)DNB1070210595</marc:subfield>
   </marc:datafield>
   <marc:datafield ind1=" " ind2=" " tag="035">
      <marc:subfield code="a">(OCoLC)908641855</marc:subfield>
   </marc:datafield>
   <marc:datafield ind1=" " ind2=" " tag="040">
      <marc:subfield code="a">1245</marc:subfield>
      <marc:subfield code="b">ger</marc:subfield>
      <marc:subfield code="c">DE-101</marc:subfield>
      <marc:subfield code="d">9999</marc:subfield>
   </marc:datafield>
   <marc:datafield ind1=" " ind2=" " tag="041">
      <marc:subfield code="a">ger</marc:subfield>
      <marc:subfield code="h">eng</marc:subfield>
   </marc:datafield>
   <marc:datafield ind1=" " ind2=" " tag="044">
      <marc:subfield code="c">XA-DE-HE</marc:subfield>
   </marc:datafield>
   <marc:datafield ind1="0" ind2="4" tag="082">
      <marc:subfield code="8">1\u</marc:subfield>
      <marc:subfield code="a">362.175</marc:subfield>
      <marc:subfield code="q">DE-101</marc:subfield>
      <marc:subfield code="2">22/ger</marc:subfield>
   </marc:datafield>
   <marc:datafield ind1="7" ind2=" " tag="083">
      <marc:subfield code="a">360</marc:subfield>
      <marc:subfield code="a">610</marc:subfield>
      <marc:subfield code="a">100</marc:subfield>
      <marc:subfield code="q">DE-101</marc:subfield>
      <marc:subfield code="2">23sdnb</marc:subfield>
   </marc:datafield>
   <marc:datafield ind1=" " ind2=" " tag="085">
      <marc:subfield code="8">1\u</marc:subfield>
      <marc:subfield code="b">362.175</marc:subfield>
   </marc:datafield>
   <marc:datafield ind1=" " ind2=" " tag="090">
      <marc:subfield code="a">b</marc:subfield>
   </marc:datafield>
   <marc:datafield ind1="1" ind2=" " tag="100">
      <marc:subfield code="0">(DE-588)124624960</marc:subfield>
      <marc:subfield code="0">http://d-nb.info/gnd/124624960</marc:subfield>
      <marc:subfield code="0">(DE-101)124624960</marc:subfield>
      <marc:subfield code="a">Gawande, Atul</marc:subfield>
      <marc:subfield code="e">Verfasser</marc:subfield>
      <marc:subfield code="4">aut</marc:subfield>
   </marc:datafield>
   <marc:datafield ind1="0" ind2="0" tag="245">
      <marc:subfield code="a">Sterblich sein</marc:subfield>
      <marc:subfield code="b">was am Ende wirklich zählt ; über Würde, Autonomie und eine angemessene medizinische Versorgung</marc:subfield>
      <marc:subfield code="c">Atul Gawande. Aus dem Engl. von Susanne Röckel</marc:subfield>
   </marc:datafield>
   <marc:datafield ind1=" " ind2="1" tag="264">
      <marc:subfield code="a">Frankfurt, M.</marc:subfield>
      <marc:subfield code="b">&#x98;S.&#x9c; Fischer</marc:subfield>
      <marc:subfield code="c">2015</marc:subfield>
   </marc:datafield>
   <marc:datafield ind1=" " ind2=" " tag="300">
      <marc:subfield code="a">335 S.</marc:subfield>
      <marc:subfield code="c">21 cm</marc:subfield>
   </marc:datafield>
   <marc:datafield ind1=" " ind2=" " tag="336">
      <marc:subfield code="a">Text</marc:subfield>
      <marc:subfield code="b">txt</marc:subfield>
      <marc:subfield code="2">rdacontent</marc:subfield>
   </marc:datafield>
   <marc:datafield ind1=" " ind2=" " tag="337">
      <marc:subfield code="a">ohne Hilfsmittel zu benutzen</marc:subfield>
      <marc:subfield code="b">n</marc:subfield>
      <marc:subfield code="2">rdamedia</marc:subfield>
   </marc:datafield>
   <marc:datafield ind1=" " ind2=" " tag="338">
      <marc:subfield code="a">Band</marc:subfield>
      <marc:subfield code="b">nc</marc:subfield>
      <marc:subfield code="2">rdacarrier</marc:subfield>
   </marc:datafield>
   <marc:datafield ind1=" " ind2="7" tag="650">
      <marc:subfield code="0">(DE-588)4001446-0</marc:subfield>
      <marc:subfield code="0">http://d-nb.info/gnd/4001446-0</marc:subfield>
      <marc:subfield code="0">(DE-101)040014460</marc:subfield>
      <marc:subfield code="a">Alter</marc:subfield>
      <marc:subfield code="2">gnd</marc:subfield>
   </marc:datafield>
   <marc:datafield ind1=" " ind2="7" tag="650">
      <marc:subfield code="0">(DE-588)4032844-2</marc:subfield>
      <marc:subfield code="0">http://d-nb.info/gnd/4032844-2</marc:subfield>
      <marc:subfield code="0">(DE-101)040328449</marc:subfield>
      <marc:subfield code="a">Krankheit</marc:subfield>
      <marc:subfield code="2">gnd</marc:subfield>
   </marc:datafield>
   <marc:datafield ind1=" " ind2="7" tag="650">
      <marc:subfield code="0">(DE-588)4057310-2</marc:subfield>
      <marc:subfield code="0">http://d-nb.info/gnd/4057310-2</marc:subfield>
      <marc:subfield code="0">(DE-101)040573109</marc:subfield>
      <marc:subfield code="a">Sterben</marc:subfield>
      <marc:subfield code="2">gnd</marc:subfield>
   </marc:datafield>
   <marc:datafield ind1=" " ind2="7" tag="650">
      <marc:subfield code="0">(DE-588)4190296-8</marc:subfield>
      <marc:subfield code="0">http://d-nb.info/gnd/4190296-8</marc:subfield>
      <marc:subfield code="0">(DE-101)041902963</marc:subfield>
      <marc:subfield code="a">Würde</marc:subfield>
      <marc:subfield code="2">gnd</marc:subfield>
   </marc:datafield>
   <marc:datafield ind1=" " ind2="7" tag="650">
      <marc:subfield code="0">(DE-588)4044903-8</marc:subfield>
      <marc:subfield code="0">http://d-nb.info/gnd/4044903-8</marc:subfield>
      <marc:subfield code="0">(DE-101)040449033</marc:subfield>
      <marc:subfield code="a">Patient</marc:subfield>
      <marc:subfield code="2">gnd</marc:subfield>
   </marc:datafield>
   <marc:datafield ind1=" " ind2="7" tag="650">
      <marc:subfield code="0">(DE-588)4135889-2</marc:subfield>
      <marc:subfield code="0">http://d-nb.info/gnd/4135889-2</marc:subfield>
      <marc:subfield code="0">(DE-101)041358899</marc:subfield>
      <marc:subfield code="a">Selbstbestimmung</marc:subfield>
      <marc:subfield code="2">gnd</marc:subfield>
   </marc:datafield>
   <marc:datafield ind1=" " ind2="7" tag="650">
      <marc:subfield code="0">(DE-588)4038270-9</marc:subfield>
      <marc:subfield code="0">http://d-nb.info/gnd/4038270-9</marc:subfield>
      <marc:subfield code="0">(DE-101)040382702</marc:subfield>
      <marc:subfield code="a">Medizinische Versorgung</marc:subfield>
      <marc:subfield code="2">gnd</marc:subfield>
   </marc:datafield>
   <marc:datafield ind1=" " ind2="7" tag="650">
      <marc:subfield code="0">(DE-588)4466515-5</marc:subfield>
      <marc:subfield code="0">http://d-nb.info/gnd/4466515-5</marc:subfield>
      <marc:subfield code="0">(DE-101)951145304</marc:subfield>
      <marc:subfield code="a">Sterbebegleitung</marc:subfield>
      <marc:subfield code="2">gnd</marc:subfield>
   </marc:datafield>
   <marc:datafield ind1=" " ind2="7" tag="650">
      <marc:subfield code="0">(DE-588)7730202-3</marc:subfield>
      <marc:subfield code="0">http://d-nb.info/gnd/7730202-3</marc:subfield>
      <marc:subfield code="0">(DE-101)1009438360</marc:subfield>
      <marc:subfield code="a">Palliativmedizin</marc:subfield>
      <marc:subfield code="2">gnd</marc:subfield>
   </marc:datafield>
   <marc:datafield ind1=" " ind2=" " tag="653">
      <marc:subfield code="a">(Produktform)Hardback</marc:subfield>
   </marc:datafield>
   <marc:datafield ind1=" " ind2=" " tag="653">
      <marc:subfield code="a">(Produktform (spezifisch))With printed dust jacket</marc:subfield>
   </marc:datafield>
   <marc:datafield ind1=" " ind2=" " tag="653">
      <marc:subfield code="a">Alter</marc:subfield>
   </marc:datafield>
   <marc:datafield ind1=" " ind2=" " tag="653">
      <marc:subfield code="a">Checklist Maifesto</marc:subfield>
   </marc:datafield>
   <marc:datafield ind1=" " ind2=" " tag="653">
      <marc:subfield code="a">Checklist Manifesto</marc:subfield>
   </marc:datafield>
   <marc:datafield ind1=" " ind2=" " tag="653">
      <marc:subfield code="a">Gebrechen</marc:subfield>
   </marc:datafield>
   <marc:datafield ind1=" " ind2=" " tag="653">
      <marc:subfield code="a">Krankheit</marc:subfield>
   </marc:datafield>
   <marc:datafield ind1=" " ind2=" " tag="653">
      <marc:subfield code="a">Krebs</marc:subfield>
   </marc:datafield>
   <marc:datafield ind1=" " ind2=" " tag="653">
      <marc:subfield code="a">Medizinische Versorgung</marc:subfield>
   </marc:datafield>
   <marc:datafield ind1=" " ind2=" " tag="653">
      <marc:subfield code="a">Pflege</marc:subfield>
   </marc:datafield>
   <marc:datafield ind1=" " ind2=" " tag="653">
      <marc:subfield code="a">Pflegeheim</marc:subfield>
   </marc:datafield>
   <marc:datafield ind1=" " ind2=" " tag="653">
      <marc:subfield code="a">Pflegenotstand</marc:subfield>
   </marc:datafield>
   <marc:datafield ind1=" " ind2=" " tag="653">
      <marc:subfield code="a">Pflegereform</marc:subfield>
   </marc:datafield>
   <marc:datafield ind1=" " ind2=" " tag="653">
      <marc:subfield code="a">Sterben</marc:subfield>
   </marc:datafield>
   <marc:datafield ind1=" " ind2=" " tag="653">
      <marc:subfield code="a">Tod</marc:subfield>
   </marc:datafield>
   <marc:datafield ind1=" " ind2=" " tag="653">
      <marc:subfield code="a">Würde</marc:subfield>
   </marc:datafield>
   <marc:datafield ind1=" " ind2=" " tag="653">
      <marc:subfield code="a">(VLB-WN)1929: Hardcover, Softcover / Sachbücher/Philosophie, Religion/Sonstiges</marc:subfield>
   </marc:datafield>
   <marc:datafield ind1="0" ind2="0" tag="689">
      <marc:subfield code="0">(DE-588)4001446-0</marc:subfield>
      <marc:subfield code="0">http://d-nb.info/gnd/4001446-0</marc:subfield>
      <marc:subfield code="0">(DE-101)040014460</marc:subfield>
      <marc:subfield code="D">s</marc:subfield>
      <marc:subfield code="a">Alter</marc:subfield>
   </marc:datafield>
   <marc:datafield ind1="0" ind2="1" tag="689">
      <marc:subfield code="0">(DE-588)4032844-2</marc:subfield>
      <marc:subfield code="0">http://d-nb.info/gnd/4032844-2</marc:subfield>
      <marc:subfield code="0">(DE-101)040328449</marc:subfield>
      <marc:subfield code="D">s</marc:subfield>
      <marc:subfield code="a">Krankheit</marc:subfield>
   </marc:datafield>
   <marc:datafield ind1="0" ind2="2" tag="689">
      <marc:subfield code="0">(DE-588)4057310-2</marc:subfield>
      <marc:subfield code="0">http://d-nb.info/gnd/4057310-2</marc:subfield>
      <marc:subfield code="0">(DE-101)040573109</marc:subfield>
      <marc:subfield code="D">s</marc:subfield>
      <marc:subfield code="a">Sterben</marc:subfield>
   </marc:datafield>
   <marc:datafield ind1="0" ind2="3" tag="689">
      <marc:subfield code="0">(DE-588)4190296-8</marc:subfield>
      <marc:subfield code="0">http://d-nb.info/gnd/4190296-8</marc:subfield>
      <marc:subfield code="0">(DE-101)041902963</marc:subfield>
      <marc:subfield code="D">s</marc:subfield>
      <marc:subfield code="a">Würde</marc:subfield>
   </marc:datafield>
   <marc:datafield ind1="0" ind2="4" tag="689">
      <marc:subfield code="0">(DE-588)4044903-8</marc:subfield>
      <marc:subfield code="0">http://d-nb.info/gnd/4044903-8</marc:subfield>
      <marc:subfield code="0">(DE-101)040449033</marc:subfield>
      <marc:subfield code="D">s</marc:subfield>
      <marc:subfield code="a">Patient</marc:subfield>
   </marc:datafield>
   <marc:datafield ind1="0" ind2="5" tag="689">
      <marc:subfield code="0">(DE-588)4135889-2</marc:subfield>
      <marc:subfield code="0">http://d-nb.info/gnd/4135889-2</marc:subfield>
      <marc:subfield code="0">(DE-101)041358899</marc:subfield>
      <marc:subfield code="D">s</marc:subfield>
      <marc:subfield code="a">Selbstbestimmung</marc:subfield>
   </marc:datafield>
   <marc:datafield ind1="0" ind2="6" tag="689">
      <marc:subfield code="0">(DE-588)4038270-9</marc:subfield>
      <marc:subfield code="0">http://d-nb.info/gnd/4038270-9</marc:subfield>
      <marc:subfield code="0">(DE-101)040382702</marc:subfield>
      <marc:subfield code="D">s</marc:subfield>
      <marc:subfield code="a">Medizinische Versorgung</marc:subfield>
   </marc:datafield>
   <marc:datafield ind1="0" ind2="7" tag="689">
      <marc:subfield code="0">(DE-588)4466515-5</marc:subfield>
      <marc:subfield code="0">http://d-nb.info/gnd/4466515-5</marc:subfield>
      <marc:subfield code="0">(DE-101)951145304</marc:subfield>
      <marc:subfield code="D">s</marc:subfield>
      <marc:subfield code="a">Sterbebegleitung</marc:subfield>
   </marc:datafield>
   <marc:datafield ind1="0" ind2="8" tag="689">
      <marc:subfield code="0">(DE-588)7730202-3</marc:subfield>
      <marc:subfield code="0">http://d-nb.info/gnd/7730202-3</marc:subfield>
      <marc:subfield code="0">(DE-101)1009438360</marc:subfield>
      <marc:subfield code="D">s</marc:subfield>
      <marc:subfield code="a">Palliativmedizin</marc:subfield>
   </marc:datafield>
   <marc:datafield ind1="0" ind2=" " tag="689">
      <marc:subfield code="5">DE-101</marc:subfield>
      <marc:subfield code="5">DE-101</marc:subfield>
   </marc:datafield>
   <marc:datafield ind1="1" ind2="2" tag="700">
      <marc:subfield code="a">Gawande, Atul</marc:subfield>
      <marc:subfield code="t">Being mortal</marc:subfield>
      <marc:subfield code="g">dt.</marc:subfield>
   </marc:datafield>
   <marc:datafield ind1="2" ind2=" " tag="710">
      <marc:subfield code="0">(DE-588)1065490062</marc:subfield>
      <marc:subfield code="0">http://d-nb.info/gnd/1065490062</marc:subfield>
      <marc:subfield code="0">(DE-101)1065490062</marc:subfield>
      <marc:subfield code="a">S. FISCHER Verlag GmbH</marc:subfield>
      <marc:subfield code="e">Verlag</marc:subfield>
      <marc:subfield code="4">pbl</marc:subfield>
   </marc:datafield>
   <marc:datafield ind1="0" ind2="8" tag="776">
      <marc:subfield code="i">Erscheint auch als</marc:subfield>
      <marc:subfield code="n">Online-Ausgabe</marc:subfield>
      <marc:subfield code="a">Gawande, Atul</marc:subfield>
      <marc:subfield code="t">Sterblich sein</marc:subfield>
      <marc:subfield code="d">Frankfurt am Main : FISCHER E-Books, 2015</marc:subfield>
      <marc:subfield code="h">Online-Ressource</marc:subfield>
      <marc:subfield code="w">(DE-101)1079320008</marc:subfield>
   </marc:datafield>
   <marc:datafield ind1=" " ind2=" " tag="850">
      <marc:subfield code="a">DE-101a</marc:subfield>
      <marc:subfield code="a">DE-101b</marc:subfield>
   </marc:datafield>
   <marc:datafield ind1="4" ind2="2" tag="856">
      <marc:subfield code="m">B:DE-101</marc:subfield>
      <marc:subfield code="q">application/pdf</marc:subfield>
      <marc:subfield code="u">http://d-nb.info/1070210595/04</marc:subfield>
      <marc:subfield code="3">Inhaltsverzeichnis</marc:subfield>
   </marc:datafield>
   <marc:datafield ind1="4" ind2="2" tag="856">
      <marc:subfield code="m">X:MVB</marc:subfield>
      <marc:subfield code="q">text/html</marc:subfield>
      <marc:subfield code="u">http://deposit.dnb.de/cgi-bin/dokserv?id=5216882&amp;prov=M&amp;dok_var=1&amp;dok_ext=htm</marc:subfield>
      <marc:subfield code="3">Inhaltstext</marc:subfield>
   </marc:datafield>
   <marc:datafield ind1="r" ind2=" " tag="925">
      <marc:subfield code="a">ra</marc:subfield>
   </marc:datafield>
   <marc:datafield ind1="1" ind2=" " tag="926">
      <marc:subfield code="a">QR</marc:subfield>
      <marc:subfield code="o">93</marc:subfield>
      <marc:subfield code="q">WGSneuMapping</marc:subfield>
      <marc:subfield code="v">1.0</marc:subfield>
      <marc:subfield code="x">Religion und Glauben</marc:subfield>
   </marc:datafield>
</marc:record>
